=LDR 00000nam 2200000 4500 =001 INLIS000000000024909 =005 20130612123447 =008 ***********************************Ind** =035 ##$$0010-061300000024909 =041 ##$$a Ind =082 ##$$a 351 =090 ##$$a 351, Tab m =100 ##$$a Tabah, Anton =245 ##$$a Membangun pori yang kuat, Anton tabah =260 ##$$a 2002 $b Jakarta =300 ##$$a 366 hlm, ilus, 23 cm =650 ##$$a polri =850 ##$$a NBPNMAT